National Personifications by Country - Statistics

General Stats
  • This quiz has been taken 18 times
  • The average score is 17 of 25
Answer Stats
Name Country % Correct
Marianne France
100%
Germania Germany
94%
Hispania Spain
94%
Belgica Belgium
88%
Holger Danske Denmark
88%
Hellas Greece
88%
Yamato-hime Japan
88%
Helvetia Switzerland
88%
Britannia United Kingdom
88%
Zealandia New Zealand
81%
Čechie Czechia
75%
Ériu Ireland
75%
Mor Norge Norway
75%
Columbia United States
75%
Bharat Mata India
69%
Moder Svea Sweden
69%
Siam Devadhiraj Thailand
69%
Fjallkonan Iceland
63%
Efígie da República Brazil
50%
Melita Malta
50%
Kral Matjaž Slovenia
50%
Kalevipoeg Estonia
44%
Kartvlis Deda Georgia
38%
Ibu Pertiwi Indonesia
19%
Manas Kyrgyzstan
19%
No matching quizzes found
Score Distribution
Percent of People with Each Score
Percentile by Number Answered
Your Score History
You have not taken this quiz